000 00274nam a22001097a 4500
008 170116b xxu||||| |||| 00| 0 eng d
020 _a97800763740306
041 _aeng
080 _24TH
_a618.2
245 _aPHILOSOPHICAL THEORETICAL PERSPECTIVES
_cCODY, W.K
942 _2udc
_cBK
999 _c2942
_d2942